Dos informes sobre educación

Saved in:
Bibliografiske detaljer
Institution som forfatter: Superintendencia de Educación Pública (Author)
Format: Bog
Sprog:spansk
Udgivet: Santiago Superintendencia de Educación Pública 1958
Serier:Documentos, 4
Fag:
Tags: Tilføj Tag
Ingen Tags, Vær først til at tagge denne postø!

MARC

LEADER 00000nam a2200000 a 4500
001 UCZ7159
003 CL-VaPUC
008 951222e19580000CL |||||||||||||||||spa|d
082 0 4 |a 379.11  |b SUP  |2 21 
110 2 |a Superintendencia de Educación Pública  |e author  |9 351929 
245 1 0 |a Dos informes sobre educación 
300 |a 175 p 
942 |c BK 
945 |d 19951222 00:00:00  |a lriquelm 
260 |a Santiago  |b Superintendencia de Educación Pública  |c 1958 
650 0 |a Educación pública  |9 309676 
650 0 |a Sistemas educacionales  |9 324695 
650 0 |a Planificación de la educación   |9 307333 
650 0 |a Política educacional  |9 308011 
583 |a last modification  |c 20170829 01:02:19  |k Rodrigo Vera 
490 0 |a Documentos, 4 
999 |c 243277  |d 243275 
952 |0 0  |1 0  |4 0  |6 379_110000000000000_SUP_1958  |7 0  |8 P  |9 256827  |a BIBEDU  |b BIBEDU  |c BIBEDU_PB  |d 2019-11-19  |i 161374K  |o 379.11 SUP 1958  |p 161374K  |r 2024-01-25  |w 2019-11-19  |y BK  |k EDU